Commercial Law: Concentrate / (Record no. 9729)

MARC details
000 -LEADER
fixed length control field 00972nam a22001817a 4500
005 - DATE AND TIME OF LATEST TRANSACTION
control field 20240130123215.0
008 - FIXED-LENGTH DATA ELEMENTS--GENERAL INFORMATION
fixed length control field 230619b ||||| |||| 00| 0 eng d
020 ## - INTERNATIONAL STANDARD BOOK NUMBER
International Standard Book Number 9780198729716
050 ## - LIBRARY OF CONGRESS CALL NUMBER
Classification number KD1629.B373(3e)
100 ## - MAIN ENTRY--PERSONAL NAME
Personal name Basking, Eric.
9 (RLIN) 2881
245 ## - TITLE STATEMENT
Title Commercial Law: Concentrate /
Statement of responsibility, etc. Eric Baskind.
250 ## - EDITION STATEMENT
Edition statement 3rd ed.
260 ## - PUBLICATION, DISTRIBUTION, ETC.
Place of publication, distribution, etc. New York:
Name of publisher, distributor, etc. Oxford University Press,
Date of publication, distribution, etc. 2015.
300 ## - PHYSICAL DESCRIPTION
Extent xvi, 203p.:
Dimensions 22 cm.
500 ## - GENERAL NOTE
General note Includes glossary and index.
505 ## - FORMATTED CONTENTS NOTE
Formatted contents note Contents: Introduction to contracts of sale of goods -- Statutory implied terms -- Passing of peroperty and risk -- Retention of title clauses -- Exclusion and limitation clauses -- Non-existent and perishing of goods -- Transfer of ownership by a non-owner -- Delivery, acceptance and payment -- Remedies of the buyer -- Consumer credit -- The creation of agency and the agent's authority -- The relationships created by agency-The rights and liabilities of the parties.
942 ## - ADDED ENTRY ELEMENTS (KOHA)
Source of classification or shelving scheme Library of Congress Classification
Koha item type Books
Holdings
Withdrawn status Lost status Source of classification or shelving scheme Damaged status Not for loan Home library Current library Shelving location Date acquired Full call number Barcode Date last seen Copy number Price effective from Koha item type
    Library of Congress Classification     WISCONSIN INTERNATIONAL UNIVERSITY COLLEGE, GHANA - MAIN LIBRARY WISCONSIN INTERNATIONAL UNIVERSITY COLLEGE, GHANA - MAIN LIBRARY Law Library 19/06/2023 KD1629.6.M37(3e) 2950/119/23 19/06/2023 1 19/06/2023 Books
    Library of Congress Classification     WISCONSIN INTERNATIONAL UNIVERSITY COLLEGE, GHANA KUMASI LIBRARY WISCONSIN INTERNATIONAL UNIVERSITY COLLEGE, GHANA KUMASI LIBRARY Law Library 05/06/2023 KD1629.6.B37(3e) KSL/2229/432/23 19/06/2023 1 19/06/2023 Books
    Library of Congress Classification     WISCONSIN INTERNATIONAL UNIVERSITY COLLEGE, GHANA KUMASI LIBRARY WISCONSIN INTERNATIONAL UNIVERSITY COLLEGE, GHANA KUMASI LIBRARY Law Library 05/06/2023 KD1629.6.B371(3e) KSL/2230/433/23 19/06/2023 2 19/06/2023 Books

If you have any concerns or questions; kindly contact the library


© Powered by WIUC ICT DIRECTORATE